000 00980nam a2200277 a 4500
003 DO-SdBNP
005 20211119094736.0
008 100203s2002 dr 001 0 spa d
020 _a9993442119
040 _aBNPHU
_bspa
_cBNPHU
082 _aRD863.44
_bV443s 2002
_222
092 _a
_b
100 1 _aVeloz Maggiolo, Marcio,
_d1936- 2021
245 1 0 _aSanto Domingo en la novela dominicana /
_cMarcio Veloz Maggiolo ; edición Andrés Blanco Díaz.
260 _aSanto Domingo :
_bEdiciones ferilibro,
_c2002.
300 _a233, [8] p. ;
_c23 cm.
500 _aIncluye datos biográficos del autor en las solapas
504 _aBibliografías : p. 213-227
590 _6Inventariado, 2021/VM
650 4 _aNovela dominicana
_xHistoria y crítica
650 4 _aLiteratura dominicana
_xCrítica e interpretación
650 4 _aAutores dominicanos
_xCrítica e interpretación
700 1 _aBlanco Díaz, Andrés,
_eed.
910 _aVMateo V.
942 _2ddc
_cBK
999 _c13883
_d13883